000 00189nam a2200085Ia 4500
008 180219s9999 xx 000 0 und d
100 _aSharma R A
245 0 _aMapan Mulyankan
260 _aInternational
260 _c2010
999 _c41501
_d41501